000 00301nam a22001337a 4500
008 171006b xxu||||| |||| 00| 0 eng d
020 _a9780674005174
041 _aeng
080 _a 159.9
100 _a49
101 _aPSI
245 _aADOLESCENTS AFTER DIVORCE
_cBUCHANAN,CH,M
942 _2udc
_cBK
999 _c32404
_d32404